El Canadá pasado y presente

Guardado en:
Bibliografiske detaljer
Hovedforfatter: Saywell, John
Format: Texto
Udgivet: Toronto: Clarke Irwing
Tags: Tilføj Tag
Ingen Tags, Vær først til at tagge denne postø!

MARC

LEADER 00000 a a2200000 04500
001 15540
003
040
090 |a EXTRAVIADO  
100 |a Saywell, John  
245 |a El Canadá pasado y presente  
260 |a Toronto:   |b Clarke Irwing  
300 |a 80 p.  
999 |c 12358  |d 12358